000 00894nam a2200265Ia 4500
003 OSt
005 20220918165611.0
006 a|||||r|||| 00| 0
007 ta
008 220917b |||||||| |||| 00| 0 eng d
020 _a8170002745 (hbk)
_c250
024 _a237,907
037 _b5224, 21/01/2009, Efficient Book Distributors
_cTextual
040 _aARTS
_cARTS
_beng
041 _2eng
_aeng
082 _a2:(D65,8(B)), P0
100 _aSooryanarayana P.S.
_924929
245 0 _aCommunication technology
_b Its impact on library and information science
260 _aNew Delhi
_bEss Ess Publications India
_c2000
300 _a103p.
_ccm.
650 _aLIBRARY SCIENCE
700 _a Mudhol Mahesh V.
_924930
942 _h2:(D65,8(B)), P0
_cTEXL
_2CC
999 _c130504
_d130504